书目信息 |
| 题名: |
氨酯类聚羧酸减水剂的常温合成与作用机理
|
|
| 作者: | 向顺成 , 高英力 著 | |
| 分册: | ||
| 出版信息: | 北京 中国建材工业出版社 2021.11 |
|
| 页数: | 110页 | |
| 开本: | 26cm | |
| 丛书名: | ||
| 单 册: | ||
| 中图分类: | TQ172.4 | |
| 科图分类: | ||
| 主题词: | 减水剂--jian shui ji--研究 | |
| 电子资源: | ||
| ISBN: | 978-7-5160-3324-1 | |
| 000 | 01189nam0 2200253 450 | |
| 001 | 26857 | |
| 005 | 20220920175153.48 | |
| 010 | @a978-7-5160-3324-1@dCNY48.00 | |
| 100 | @a20220211d2021 em y0chiy50 ea | |
| 101 | 0 | @achi |
| 102 | @aCN@b110000 | |
| 105 | @aa a 000yy | |
| 200 | 1 | @a氨酯类聚羧酸减水剂的常温合成与作用机理@Aan zhi lei ju suo suan jian shui ji de chang wen he cheng yu zuo yong ji li@f向顺成, 高英力著 |
| 210 | @a北京@c中国建材工业出版社@d2021.11 | |
| 215 | @a110页@c图@d26cm | |
| 300 | @a国家自然科学基金面上项目 国家自然科学基金民航联合基金项目 湖南省重点研发项目 湖南省自然科学基金 湖南省教育厅科研项目优秀青年基金 | |
| 320 | @a有书目 (第98-110页) | |
| 330 | @a本书采用分段合成方法, 从实际试验角度出发, 从分子结构层面阐述聚氨酯侧链大单体对聚羧酸分子构效关系的影响, 从机理层面研究此类聚羧酸与胶凝材料的各种相互作用机理, 并研究此类聚羧酸在低水胶比胶凝材料体系中的组成设计和应用, 为聚羧酸的分子设计、合成及构性关系研究提供重要的理论依据。 | |
| 606 | 0 | @a减水剂@Ajian shui ji@x研究 |
| 690 | @aTQ172.4@v5 | |
| 701 | 0 | @a向顺成@Axiang shun cheng@4著 |
| 701 | 0 | @a高英力@Agao ying li@4著 |
| 801 | 0 | @aCN@c20220910 |
| 905 | @a河南城建学院图书馆@dTQ172.4@eX278@f2 | |
| 氨酯类聚羧酸减水剂的常温合成与作用机理/向顺成, 高英力著.-北京:中国建材工业出版社,2021.11 |
| 110页:图;26cm |
| 国家自然科学基金面上项目 国家自然科学基金民航联合基金项目 湖南省重点研发项目 湖南省自然科学基金 湖南省教育厅科研项目优秀青年基金 |
| ISBN 978-7-5160-3324-1:CNY48.00 |
| 本书采用分段合成方法, 从实际试验角度出发, 从分子结构层面阐述聚氨酯侧链大单体对聚羧酸分子构效关系的影响, 从机理层面研究此类聚羧酸与胶凝材料的各种相互作用机理, 并研究此类聚羧酸在低水胶比胶凝材料体系中的组成设计和应用, 为聚羧酸的分子设计、合成及构性关系研究提供重要的理论依据。 |
| ● |
| 相关链接 |
|
|
|
正题名:氨酯类聚羧酸减水剂的常温合成与作用机理
索取号:TQ172.4/X278
 
预约/预借
| 序号 | 登录号 | 条形码 | 馆藏地/架位号 | 状态 | 备注 |
| 1 | 1578373 | 215783739 | 自科库501/501自科库 139排8列2层/ [索取号:TQ172.4/X278] | 在馆 | |
| 2 | 1578374 | 215783748 | 自科库501/501自科库 139排8列2层/ [索取号:TQ172.4/X278] | 在馆 |